Score 0/26 Timer 04:00
2 Plays Today
Clue Word % Correct
Richard _____Nixon
91.3%
Martin ______ BurenVan
91%
______ B. HayesRutherford
88.2%
______ RangersTexas
86.9%
______ TaylorZachary
86.4%
The ______ of His CountryFather
85.2%
Supreme Court Chief ______Justice
84.8%
______ UniversityYale
84.7%
Losing the _______ VotePopular
83%
Point Pleasant, ______Ohio
74.5%
Bull _____ PartyMoose
72.9%
Bay of Pigs ______Invasion
72.8%
Teapot ______ ScandalDome
72.4%
Clue Word % Correct
______ E. Stevenson IIAdlai
70.3%
James Danforth ______Quayle
66.9%
______ UniversityXavier
61.1%
John C. _______Calhoun
60.5%
______ Baker LincolnEdward
49.4%
______ Childress PolkSarah
46%
Jane ______Wyman
45.3%
______ LaneHarriet
28.6%
William R. ______King
28.4%
______ CollegeUnion
25.8%
______ Lynch King, Jr.Leslie
23.1%
Charles J. ______Guiteau
20%
John C. _______Breckinridge
16.1%

Today's Daily Dose

Missing Word
'T' Pairs

Word Ladder
Game Pieces

Get the Picture
Baseball Movies

Remove Ads.
Support Sporcle.
Get the best of Sporcle when you Go Orange. This ad-free experience offers more features, more stats, and more fun while also helping to support Sporcle. Thank you for becoming a member.

You're not logged in!

Compare scores with friends on all Sporcle quizzes.
OR
Log In

Show Comments

Extras

Top Quizzes Today


Score Distribution

Your Account Isn't Verified!

In order to create a playlist on Sporcle, you need to verify the email address you used during registration. Go to your Sporcle Settings to finish the process.

Report this User

Report this user for behavior that violates our Community Guidelines.

Details: